000 00519nam a2200169 a 4500
001 000029725
005 20200930055746.0
008 110425s1981 dr 000 p spa d
040 _aDO-SdBNP
_bspa
_cBNPHU
082 _axxx
_bF363f
100 1 _aFernández, Pedro Pablo
_d1953-
_923586
245 1 0 _aFragmentaciones /
_cPedro Pablo Fernández ; diseño y edición Denis Mota.
260 _aSanto Domingo :
_bEditorial Gente,
_c1981.
300 _a23 p. ;
_c21 cm.
700 1 _aMotas, Denis
_eed.
_956512
049 _aBNPD
999 _c29217
_d29217